00000000nam##2200000za#4500
0019.678346
003CaOODSP
00520250506145324
007ta
008150407|1992||||xxc|||||     f|0| 0 fre|d
020 |a0-662-97191-4
040 |aCaOODSP|bfre
043 |an-cn---
0861 |aA63-1877/1992F
1101 |aCanada.|bAgriculture Canada.
24510|aGuide de l'amélioration génétique des porcins / |cpar Robert M. McKay, Station de recherches, Brandon (Manitoba).
260 |aOttawa - Ontario : |bAgriculture Canada |c1992.
300 |a54p. : |bfigures, tableaux ; |c23 cm.
500 |aSommaire: Répartition des races au Canada.--Amélioration génétique.--Méthodes de sélection.--Croisements.--Défauts et anomalies génériques.--Consanguinité.--De la théorie à la pratique.--Glossaire.
563 |aCouverture souple
590 |a92-33|b1992-08-14
7201 |aMcKay, Robert M.
77508|tPractical guide to swine breeding / |w(CaOODSP)9.644515
7760#|tGuide de l'amélioration génétique des porcins |w(CaOODSP)9.641061
986 |aPublication 1877/F